Statistiques concernant Personnalités politiques suisses par image

Cliquez ici pour prendre le quiz!

Statistiques générales

  • Ce quiz a été pris 110 fois
  • Le résultat moyen est 7 sur 20

Statistiques - réponses

Réponse% Correct
Alain Berset
97%
Micheline Calmy-Rey
55%
Pierre Maudet
51%
Pascal Couchepin
50%
Christoph Blocher
47%
Pierre-Yves Maillard
46%
Céline Amaudruz
44%
Doris Leuthard
42%
Eveline Widmer-Schlumpf
39%
Christian Levrat
34%
Isabelle Moret
34%
Ruth Dreifuss
34%
Mathias Reynard
28%
Elisabeth Kopp
24%
Jean-Pascal Delamuraz
17%
Walter Turnherr
14%
Jean Ziegler
13%
Petra Gössi
13%
Yvette Jaggi
7%
Philipp Hilderbrand
4%

Distribution des résultats

Percentile par nombre de réponses

% des personnes avec chaque résultat

Votre développement - résultats

Vous n’avez pas pris ce quiz